| 000 | 01489cam a2200241 4500 | ||
|---|---|---|---|
| 001 | ABS68408 | ||
| 008 | 041116n2004 000 0 eng u | ||
| 035 | _a(Sirsi) u127993 | ||
| 100 | _aKennard, M. | ||
| 245 | _aProcurement trends | ||
| 260 | _c2004 | ||
| 490 |
_aCivil Engineering Surveyor _v October 2004, 18-19(2) |
||
| 520 | _aPresents the results of a survey of 800 UK ICES commercial management specialist members. The procurement section of the survey sought to identify the business activities of members and the procurement forms they deal with on a daily basis. It also sought to assess the popularity of the standard methods of measurement. The findings are illustrated in tables headed: the manner by which workload was tied to procurement methods; a guide to the split between standard and bespoke forms by sector; the various formats identified in the survey and their percentage of use by the contributors; and the data correlated with the usage of standard and bespoke contracts. Concludes that traditional contracts utilising tried methods of measurement are still dominant, but practitioners should keep up with the increasingly diverse field of contracting arrangements. | ||
| 590 | _aABS | ||
| 590 | _aABS | ||
| 650 | _aMEASUREMENT METHODS | ||
| 650 | _aSURVEYS | ||
| 650 | _aPROCUREMENT METHODS | ||
| 650 | _aCONTRACT DOCUMENTATION | ||
| 690 | _aBUILDING AND CONSTRUCTION-PROCUREMENT, PARTNERING, TENDERING | ||
| 700 | _aSinclair, R. | ||
| 942 | _n0 | ||
| 999 |
_c118309 _d118309 |
||